| 000 | 01237nam a22002777a 4500 | ||
|---|---|---|---|
| 999 |
_c65944 _d65944 |
||
| 005 | 20240530110851.0 | ||
| 008 | 200912s2019 ua a f b 000 0dara d | ||
| 017 |
_a2019/22566 _bمصر. دار الكتب |
||
| 020 | _a9789771813880 | ||
| 040 |
_aEG-CaGPL _cEG-CaGPL |
||
| 082 | 0 | 4 |
_221 _a739.7 _bق/ إ س |
| 100 | 0 | _aابراهيم ماضى عبدالرحمن | |
| 245 | 1 | 2 |
_aالسلاح المعدنى للمحاربين فى مصر ( 933 - 1220هـ / 1517 - 1805 م ) : _bدراسة اثرية فنية / _cابراهيم ماضى عبدالرحمن |
| 250 | _aط.1 | ||
| 260 |
_aالقاهرة : _bمطبعة دار الكتب و الوثائق القومية بالقاهرة ، _c2019 |
||
| 300 |
_a474 ص. ؛ _c24 سم. |
||
| 504 | _aيشتمل على ارجاعات ببليوجرافية | ||
| 650 | 0 | 7 |
_aالاسلحة المعدنية _2qrmak |
| 650 | 0 | 7 |
_aالاسلحة والتسليح _2qrmak _zمصر |
| 650 | 0 | 7 |
_aالاسلحة _xاشغال معدنية _2qrmak |
| 650 | 0 | 7 |
_aالمعدات العسكرية _zمصر _yالعصر العثمانى _2qrmak |
| 650 | 0 | 7 |
_aالاسلحة _xصناعة وتجارة _2qrmak |
| 651 | _2qrmak | ||
| 942 |
_2ddc _cBK |
||